Duden Redensarten
Gespeichert in:
| Format: | Buch |
|---|---|
| Sprache: | Deutsch |
| Veröffentlicht: |
Mannheim
Dudenverlag
2012
|
| Ausgabe: | 3. überarb. Aufl. |
| Schlagworte: | |
| Tags: |
Keine Tags, Fügen Sie das erste Tag hinzu!
|
MARC
| LEADER | 00000nam a2200000 4500 | ||
|---|---|---|---|
| 001 | 0135439 | ||
| 005 | 20221207093434.4 | ||
| 020 | |a 978-3-411-70503-0 | ||
| 041 | 0 | |a ger | |
| 044 | |a DE | ||
| 245 | 1 | 0 | |a Duden |b Redensarten |
| 250 | |a 3. überarb. Aufl. | ||
| 264 | 1 | |a Mannheim |b Dudenverlag |c 2012 | |
| 300 | |a 336 s. | ||
| 610 | 2 | 0 | |a jazykoveda |
| 610 | 2 | 0 | |a terminológia |
| 610 | 2 | 0 | |a nemčina |